|
|
|
|
| LEADER |
00000nab a2200000 a 4500 |
| 001 |
vtls010565195 |
| 003 |
SK-MaSNL |
| 005 |
20260303085432.0 |
| 008 |
131213c2013 xo wrzp 0 0slo |
| 038 |
|
|
|a RVGKPD
|
| 040 |
|
|
|a RVGKPD
|b slo
|c RVGKPD
|e AACR2
|
| 041 |
0 |
|
|a slo
|
| 044 |
|
|
|a xo
|c SK
|
| 080 |
|
|
|a 796.966.071.2
|x (437.6)
|2 1997
|
| 080 |
|
|
|a 331.2
|2 1997
|
| 245 |
0 |
0 |
|a Ako zákon káže
|b žilinskí hokejisti ako prví v Extralige zverejnili platy
|c [autor] (rh)
|
| 300 |
|
|
|b Fotogr.
|
| 610 |
2 |
7 |
|a MSHK Žilina
|2 rvgkpd
|9 859698
|
| 650 |
0 |
7 |
|a hokejisti
|2 rvgkpd
|9 3233
|
| 650 |
0 |
7 |
|a platy
|2 rvgkpd
|9 30238
|
| 651 |
|
7 |
|a Žilina (Slovensko)
|2 rvgkpd
|9 28812
|
| 773 |
0 |
|
|t Plus 7 dní
|g Roč. XXIII, č. 49 (2013), s. 72-73
|x 1210-4040
|
| 852 |
|
|
|a RVGKPD
|b KIS3G
|
| 958 |
|
|
|a SK
|
| 992 |
|
|
|a RBX
|
| 999 |
|
|
|c 1799238
|d 1801168
|